Psychiatrie : učebnice pro vyšší zdravotnické školy / Cyril Höschl a kolektiv
Record details
- ISBN: 80-85526-64-6
- Physical Description: 175 s. ; 25 cm
- Edition: Vyd. 1.
- Publisher: Praha : Scientia medica, 1997
Content descriptions
| General Note: | Přehl. hlavních psychofarmak V tiráži název: Psychiatrie pro vyšší zdravotnické školy Psychiatrický glosář |
| Bibliography, etc. Note: | Věcný rejstřík |
Search for related items by subject
| Subject: | psychiatrie |
| Genre: | učebnice středních škol |
Search for related items by series
Available copies
- 1 of 1 copy available at Common Catalog SPOK.
Holds
- 0 current holds with 1 total copy.
Show Only Available Copies
| Location | Call Number / Copy Notes | Barcode | Shelving Location | Status | Due Date |
|---|---|---|---|---|---|
| Jabok Library | Psy-8.4/H | 424480001415 | Odborná literatura | Available | - |
| LDR | 01310nam a2200373 a 4500 | ||
|---|---|---|---|
| 001 | 10444 | ||
| 003 | CZ-PrJAB | ||
| 005 | 20180403103006.0 | ||
| 007 | tu | ||
| 008 | 970729s1997 xr d p 001 0 cze | ||
| 015 | . | ‡acnb000213177 | |
| 020 | . | ‡a80-85526-64-6 ‡q(brož.) | |
| 035 | . | ‡a(CZ PrNK)cpk19970213177 | |
| 035 | . | ‡a(OCoLC)37962559 | |
| 040 | . | ‡aABA001 ‡bcze | |
| 072 | 7. | ‡a616.89 ‡xPsychiatrie ‡2Konspekt ‡914 | |
| 072 | 7. | ‡a37.016 ‡xUčební osnovy. Vyučovací předměty. Učebnice ‡2Konspekt ‡922 | |
| 080 | . | ‡a616.89 ‡2undef | |
| 100 | 1 | . | ‡aHöschl, Cyril, ‡d1949- ‡7jn20000401149 ‡4aut |
| 245 | 1 | 0. | ‡aPsychiatrie : ‡bučebnice pro vyšší zdravotnické školy / ‡cCyril Höschl a kolektiv |
| 246 | 3 | 3. | ‡aPsychiatrie pro vyšší zdravotnické školy |
| 250 | . | ‡aVyd. 1. | |
| 260 | . | ‡aPraha : ‡bScientia medica, ‡c1997 | |
| 300 | . | ‡a175 s. ; ‡c25 cm | |
| 490 | 1 | . | ‡aUčebnice pro vyšší zdravotnické školy |
| 500 | . | ‡aPřehl. hlavních psychofarmak | |
| 500 | . | ‡aV tiráži název: Psychiatrie pro vyšší zdravotnické školy | |
| 500 | . | ‡aPsychiatrický glosář | |
| 504 | . | ‡aVěcný rejstřík | |
| 650 | 0 | 7. | ‡apsychiatrie ‡7ph115943 ‡2czenas |
| 655 | 7. | ‡aučebnice středních škol ‡7fd133771 ‡2czenas | |
| 830 | 0. | ‡aUčebnice pro vyšší zdravotnické školy | |
| 910 | . | ‡aABG312 | |
| 901 | . | ‡a10444 ‡bUnknown ‡c10444 ‡tbiblio | |